Quarterbacks That Won on 4 Teams Quiz Stats

 Plays Quiz Updated Dec 4, 2015

Challenge
Share
Tweet
Embed
Score 0/39 Timer 10:00
8 Plays Today
Wins (Years) Quarterback % Correct
90 (1987-2007)Vinny Testaverde
80.4%
61 (2001-Present)Michael Vick
72.7%
81 (1995-2011)Kerry Collins
65.5%
82 (1985-2001)Randall Cunningham
64.9%
58 (1999-2011)Jeff Garcia
64.7%
72 (1994-2008)Brad Johnson
64.1%
37 (2005-Present)Ryan Fitzpatrick
58.3%
34 (2005-Present)Matt Cassel
56.1%
76 (1987-2004)Rich Gannon
55%
50 (1997-2013)Jon Kitna
53.3%
46 (1990-2001)Jeff George
49.6%
18 (2002-Present)Josh McCown
49.5%
67 (1982-96)Jim McMahon
49.3%
58 (1994-2007)Trent Dilfer
49.1%
66 (1987-2000)Jim Harbaugh
47.5%
98 (1980-98)Dave Krieg
45.8%
38 (1986-2005)Doug Flutie
45.1%
42 (2005-14)Kyle Orton
44.1%
55 (1991-2003)Neil O'Donnell
38.2%
45 (1998-2007)Brian Griese
37.3%
Wins (Years) Quarterback % Correct
67 (1988-2004)Chris Chandler
35.8%
53 (1978-98)Steve DeBerg
29.4%
31 (1987-99)Erik Kramer
26.8%
45 (1994-2008)Gus Frerotte
26.1%
39 (1992-2005)Jeff Blake
24.3%
45 (1989-2004)Rodney Peete
24%
37 (1986-2000)Bubby Brister
23.7%
35 (1996-2005)Tony Banks
22.9%
47 (1988-2003)Steve Beuerlein
22.1%
36 (1981-98)Wade Wilson
21.7%
82 (1962-77)John Hadl
21.1%
63 (1956-76)Earl Morrall
20.7%
42 (1985-99)Mike Tomczak
14.9%
20 (1989-99)Steve Walsh
12.4%
52 (1961-76)Norm Snead
8.9%
16 (1981-91)Jeff Kemp
8.5%
49 (1952-69)Babe Parilli
6.7%
21 (1963-72)Gary Cuozzo
2.9%
11 (1955-62)George Shaw
2%

You're not logged in!

Compare scores with friends on all Sporcle quizzes.
OR
Log In

You Might Also Like...

Show Comments

Extras

Top Quizzes Today


Score Distribution

Your Account Isn't Verified!

In order to create a playlist on Sporcle, you need to verify the email address you used during registration. Go to your Sporcle Settings to finish the process.

Report this User

Report this user for behavior that violates our Community Guidelines.

Details: